• 首页
  • 本馆介绍
  • 公告通知
  • 最新文献
  • 馆藏检索
  • 电子资源
  • 读者导购
  • 参考咨询
  • 我的图书馆
  • 登录
  • 详细信息显示
  • 放入我的书架
  • 预约/预借图书
  • 作者相关作品
  • 分类相关作品
  • 丛书相关作品
  • 出版社相关作品

书目信息

  • 表格格式
  • 工作单格式
  • 卡片格式
题名:
中微量元素肥料的生产与应用
    
 
作者: 万连步 , 邵建华 主编 ;山东金正大生态工程股份有限公司 编著
分册:  
出版信息: 北京   中国农业科学技术出版社  2013
页数: 10,256页
开本: 29cm
丛书名: 现代农业丛书
单 册:
中图分类: TQ445 , S143.7
科图分类:
主题词: 微量元素肥料--化工生产 , 微量元素肥料--施肥 , 微量元素肥料 , 化工生产 , 施肥
电子资源:
ISBN: 978-7-5116-1343-1
000 01340oam2 2200349 450
001 012015000794
005 20150914085957.69
010    @a978-7-5116-1343-1@dCNY68.00
100    @a20140429d2013 em y0chiy50 ea
101 0  @achi
102    @aCN@b110000
105    @ay z 000yy
106    @ar
200 1  @a中微量元素肥料的生产与应用@Azhong wei liang yuan su fei liao de sheng chan yu ying yong@f万连步,邵建华主编@g山东金正大生态工程股份有限公司编著
210    @a北京@c中国农业科学技术出版社@d2013
215    @a10,256页@d29cm
225 2  @a现代农业丛书
314    @a主编:万连步、邵建华
330    @a本书对农作物高产高效种植所需要的中微量元素肥料的生产工艺、质量标准、施用技术等作了介绍。书中对中微量元素肥料、有益元素肥等多品种的生产工艺,列出了规范化的操作要求、质量要求,几乎涉及到了当前农资市场上所有中微量元素肥料品种。
461  0 @12001 @a现代农业丛书
606 0  @a微量元素肥料@x化工生产
606 0  @a微量元素肥料@x施肥
606 0  @a微量元素肥料
606 0  @a化工生产
606 0  @a施肥
690    @aTQ445@v5
690    @aS143.7@v5
701  0 @a万连步@Awan lian bu@4主编
701  0 @a邵建华@Ashao jian hua@4主编
712 02 @a山东金正大生态工程股份有限公司@Ashan dong jin zheng da sheng tai gong cheng gu fen you xian gong si@4编著
801  0 @aCN@b碧洲教育@c20150718
905    @a10447@f4@dTQ445@e20
    
    中微量元素肥料的生产与应用/万连步,邵建华主编/山东金正大生态工程股份有限公司编著.-北京:中国农业科学技术出版社,2013
    10,256页;29cm.-(现代农业丛书)
    
    
    ISBN 978-7-5116-1343-1:CNY68.00
    本书对农作物高产高效种植所需要的中微量元素肥料的生产工艺、质量标准、施用技术等作了介绍。书中对中微量元素肥料、有益元素肥等多品种的生产工艺,列出了规范化的操作要求、质量要求,几乎涉及到了当前农资市场上所有中微量元素肥料品种。
●
相关链接 在E读中查询图书 在五车中查询图书 在当当中查询图书 在豆瓣中查询图书


正题名:中微量元素肥料的生产与应用     索取号:TQ445/20         预约/预借

序号 登录号 条形码 馆藏地/架位号 状态 备注
1 0848004   208480044   第二样本阅览室/ [索取号:TQ445/20] 在馆    
2 0848005   208480053   第三借阅区/ [索取号:TQ445/20] 在馆    
3 0848006   208480062   第三借阅区/ [索取号:TQ445/20] 在馆    
4 0848007   208480071   密集书库-生命科学系/ [索取号:TQ445/20] 在馆    
唐山师范学院图书馆 欢迎您!
大连网信软件有限公司© 版权所有